Suetonio (Registro nro. 316954)

Detalles MARC
000 -ENCABEZADO
Número de control [NR] 02560nam a2200337 4500
005 - FECHA Y HORA DE LA ÚLTIMA TRANSACCIÓN
control field 20191211114929.0
008 - DE LONGITUD FIJA DE DATOS DE ELEMENTOS - INFORMACIÓN GENERAL
Elementos de longitud fija [NR] 160523k19971998enk |||fr|||| 000 0dmul d
020 ## - NUMERO INTERNACIONAL NORMALIZADO PARA LIBROS [R]
Número Internacional Normalizado del libro [NR] 978-0-674-99570-3
020 ## - NUMERO INTERNACIONAL NORMALIZADO PARA LIBROS [R]
Número Internacional Normalizado del libro [NR] 0-674-99565-1
040 ## - FUENTE DE CATALOGACION [NR]
Agencia de catalogación original [NR] CO-BoUCM
Idioma de catalogación [NR] spa
Quien Cataloga Sandra Yazo
Quien Clasifica Sandra Yazo
041 1# - CODIGO DE IDIOMA [R]
Código de idioma para texto/pista de sonido o título separado [R] Latín
-- Inglés
082 04 - NUMERO DE CLASIFICACION DECIMAL DEWEY [R]
Número de la edición [NR] 20
Número de clasificación [R] 945
092 ## - SIGNATURA TOPOGRAFICA LOCAL
Número de clasificación local E61N037
100 1# - ASIENTO PRINCIPAL--NOMBRE PERSONAL [NR]
Nombre personal [NR] Suetonio Tranquilo, Cayo
ID Autoridad 99539
242 00 - TRADUCCION DEL TITULO POR LA AGENCIA CATALOGADORA [R]
Título [NR] Suetonius
Mención de responsabilidad, etc. [NR] With an english translation by J. C. Rolfe ; Introduction by K. R. Bradley
Código de idioma del título traducido [NR] spa
245 10 - MENCION DE TITULO [NR]
Título [NR] Suetonio
Mención de responsabilidad, etc. [NR] Traducción al inglés por J. C. Rolfe. Introducción de K. R. Bradley
260 ## - PUBLICACION, DISTRIBUCION, ETC. (PIE DE IMPRENTA) [R]
Lugar de publicación, distribución, etc. [R] London (Inglaterra)
Nombre del editor, distribuidor, etc. [R] Harvard University Press [Imprenta de la Universidad de Harvard]
Fecha de publicación, distribución, etc. [R] 1997-1998
300 ## - DESCRIPCION FISICA [R]
Extensión [R] 2 volúmenes (507 ; 548 páginas)
Dimensiones [R] 16 x 11 cm.
490 0# - MENCION DE SERIE [R]
Mención de serie [R] Loeb classical Library
Designación numérica/secuencial del volumen [NR] 131 ; 138
500 ## - NOTA GENERAL [R]
Nota general [NR] Detalles físicos: Encuadernación rígida. Cartón duro forrado en tela. Lomo con adornos en dorado. En la tapa delantera anagrama en dorado. Cubierta de papel rojo con solapa, que incluye datos de autor y de la obra. Guardas. Hoja de cortesía. Anteportada. Portada impresa en una sola tinta; información sobre la obra dentro de un recuadro. Pequeño grabado con el emblema de la Colección (Palas Athenea); en el círculo, la inscripción “Loeb Classical Library”. Texto muy bien impreso en una sola columna: el texto latín, con párrafos numerados, ocupa la página derecha; la traducción inglesa correspondiente a la página de la izquierda. Notas de pie de página. Incluye índice. Hojas de cortesía posteriores y guardas
505 #0 - NOTA DE CONTENIDO CON FORMATO PREESTABLECIDO [R]
Nota de contenido con formato preestablecido [NR] V.1: Introducción ; Bibliografía ; Vidas de los Césares: Libro I (Julio deificado) ; Libro II (Augusto deificado) ; Libro III (Tiberio) ; Libro IV (Calígula) ; Árbol genealógico de la familia Julia-Claudia -- V.2: Vidas de los Césares: Libro V (Claudio) ; Libro VI (Nerón) ; Libro VIII (Galba, Otón y Vitelio) ; Libro VIII (Vespasiano, Tito y Domiciano) ; Vidas de varones ilustres: Nota Introductoria ; Gramáticos ; Retóricos ; Poetas (Terencio, Virgilio, Horacio, Tibulo, Persio, Lucano) ; Plinio el Viejo ; Pasieno Crispo ; Índice
506 ## - NOTA DE RESTRICCIONES DE ACCESO [R]
Condiciones de acceso [NR] Consulta en sala
546 ## - NOTA DE IDIOMA [R]
Nota de idioma [NR] Texto en latín e inglés
650 #7 - ASIENTO SECUNDARIO DE MATERIA - TERMINO TEMATICO [R]
9 (RLIN) 16967
Término temático o nombre geográfico como elemento de entrada [NR] Historiografía
Subdivisión geográfica [R] Roma
650 #7 - ASIENTO SECUNDARIO DE MATERIA - TERMINO TEMATICO [R]
9 (RLIN) 7556
Término temático o nombre geográfico como elemento de entrada [NR] Emperadores
Subdivisión general [R] Roma
651 04 - ASIENTO SECUNDARIO DE MATERIA - NOMBRE GEOGRAFICO [R]
Nombre geográfico [NR] Roma (Italia)
Subdivisión general [R] Historia
9 (RLIN) 26698
690 ## - ASUNTO AGREGADO LOCAL DE ENTRADA - TÉRMINO TEMÁTICO (OCLC, RLIN)
Acceso temático local Historia de Europa
9 (RLIN) 26509
700 1# - ASIENTO SECUNDARIO - NOMBRE PERSONAL [R]
Nombre personal [NR] Rolfe, J.C.
Fechas asociadas con el nombre [NR] 1859-1943
Forma más completa del nombre [NR] (John Carew)
9 (RLIN) 99529
Término de relación [R] traductor
700 1# - ASIENTO SECUNDARIO - NOMBRE PERSONAL [R]
Nombre personal [NR] K. R. Bradley
Fechas asociadas con el nombre [NR] 1946-
Forma más completa del nombre [NR] (Keith R.)
9 (RLIN) 99530
942 ## - ELEMENTOS DE ENTRADA AGREGADOS (KOHA)
Sistema de clasificación LOCAL
Tipo de ítem principal el descrito en 300a Libro
Edición 1
Clasificación E61N037
Existencias
Suprimido Perdido Sistema de clasificación Dañado No prestable Tipo de ítem específico Ubicación habitual Ubicación actual Localización Fecha de creación Forma de adquisición Costo Volúmen / Fascículo Total préstamos Signatura topográfica Código de barras Última vez visto Ejemplar Price effective from Tipo de ítem
    LOCAL     Libro archivo Archivo Histórico Archivo Histórico Archivo histórico 11/12/2019 Donación 0.00 V.1   E61N037 L010047 11/12/2019 Ej.1 11/12/2019 Libro
    LOCAL     Libro archivo Archivo Histórico Archivo Histórico Archivo histórico 11/12/2019 Donación 0.00 V.2   E61N037 L010048 11/12/2019 Ej.1 11/12/2019 Libro